| 000 | 01388cam a2200277 i 4500 | ||
|---|---|---|---|
| 999 |
_c47449 _d47449 |
||
| 001 | 00045875 | ||
| 003 | OCoLC | ||
| 005 | 20190806113036.0 | ||
| 008 | 080827s1957 enk 000 0 eng d | ||
| 035 | _a(OCoLC)04382609 | ||
| 040 |
_aIMC _cIMC _dOCLCQ _dCVN _dC2S |
||
| 042 | _anbic | ||
| 043 | _an-cn--- | ||
| 049 | _aC2SA | ||
| 100 | 1 | _aSmith, Oswald J. | |
| 245 | 1 | 4 |
_aThe things we know / _cby Oswald J. Smith ; foreword by Charles T. Cook. |
| 260 |
_aLondon : _bMarshall, Morgan & Scott, _c1957. |
||
| 300 |
_a128 p. ; _c19 cm. |
||
| 336 | _atext | ||
| 337 | _aunmediated | ||
| 338 | _avolume | ||
| 505 | 0 | _aThe Christ of Christmas -- Five things you must know -- Why not live forever? -- Millions are reading -- Judging others -- Victory through Christ -- What happens when a Christian sins? -- Training for service -- Man and this modern age -- God and this modern age -- How can an honest sceptic be convinced of a future life? -- Five tremendous truths -- Who are Jehovah's Witnesses and what do they teach? -- Who are the Seventh-day Adventists and what do they teach? -- Who are the Christian Scientists and what do they teach? -- Who are the Mormons and what do they teach? -- Who are the British-Israelites and what do they teach? -- Who are the spiritualists and what do they teach? | |
| 650 | 0 |
_aSermons, English _zCanada. |
|
| 650 | 0 | _aCults | |
| 942 |
_2lcc _cBK |
||